000 00764nam a2200229Ia 4500
999 _c58744
_d58744
001 23177
003 GE_BSU
005 20220712174600.0
008 181216s||||||||xx |||||||||||||| ||und||
040 _cGE_BSU
080 _a821.112.2-2
100 _aგოეთე, იოჰან ვოლფგანგ
_912332
245 _aდრამები
245 _cთარგმ. გერ. და შენიშვნები ვ. ბეწუკელისა. რედ. ლ. იმერლიშვილი
260 _aთბილისი
260 _bსაბჭ. საქართველო
260 _c1969
300 _a707გვ. ; 20სმ..
541 _h2ლ. 74თ.
653 _aდრამები
942 _cBK
_2udc